Druhy pracovnej pohotovosti

Problematika pracovnej pohotovosti upravená v Zákonníku práce. Pojem pracovná pohotovosť. Neaktívna časť pracovnej pohotovosti na pracovisku. Odmeňovanie zamestnanca. Pracovná pohotovosť na pracovisku a náhradné voľno. Neaktívna časť pracovnej pohotovosti mimo pracoviska. Aktívna časť pracovnej poho...

ver descrição completa

Na minha lista:
Detalhes bibliográficos
Autor principal: Matlovičová, Iveta
Formato: Capítulo de Livro
Idioma:eslovaco
Assuntos:
Tags: Adicionar Tag
Sem tags, seja o primeiro a adicionar uma tag!

MARC

LEADER 00000naa a2200000 4500
001 0259114
005 20191022111117.3
041 0 |a slo 
044 |a SK 
245 1 0 |a Druhy pracovnej pohotovosti  |c Iveta Matlovičová 
520 |a Problematika pracovnej pohotovosti upravená v Zákonníku práce. Pojem pracovná pohotovosť. Neaktívna časť pracovnej pohotovosti na pracovisku. Odmeňovanie zamestnanca. Pracovná pohotovosť na pracovisku a náhradné voľno. Neaktívna časť pracovnej pohotovosti mimo pracoviska. Aktívna časť pracovnej pohotovosti. Rozsah pracovnej pohotovosti. Praktické príklady. 
610 2 0 |a práca 
610 2 0 |a pracovisko 
610 2 0 |a zamestnanci 
610 2 0 |a zamestnávatelia 
610 2 0 |a odmeňovanie 
610 2 0 |a mzdy 
610 2 0 |a voľno pracovné 
610 2 0 |a čas pracovný 
100 1 |a Matlovičová, Iveta